000 00543nam a2200217Ia 4500
003 OSt
005 20220924134523.0
006 a|||||r|||| 00| 0
007 ta
008 220923b |||||||| |||| 00| 0 snd d
024 _a275126
037 _cTextual
040 _aARTS
_cARTS
_bsnd
041 _2snd
_asnd
082 _aO152,3N55,AG, 1593J2.1
100 _aSanami
_9207955
245 0 _aAkhir gin asanji
260 _c1952
942 _hO152,3N55,AG, 1593J2.1
_cTEXL
_2CC
999 _c437578
_d437578